000 00590nam a2200205Ia 4500
005 20250508151911.0
008 008 250505s9999 xx 000 0 eng d
037 _aTextBook
040 _aFEDL
_beng
_cFEDL
041 _aeng
_2eng
084 _a424, COL
_qFEDL
100 _aCollins V H
245 0 _aRight word, wrong word: Abook of synonyms with explanations
260 _aLondon, UK
_bLongmans, Green and Co.
_c1956
300 _aviii,163p
365 _aINR
_b7
650 _aEnglish Grammer; Synonyms
_9760327
942 _cTB
_h424, COL
999 _c1332826
_d1332826